Movies Quiz

Random Movies or Quote Quiz

AFI Quotes - Word for Word Quiz Stats

Quiz Updated Apr 16, 2015

Challenge
Share
Tweet
Embed
Score 0/127 Timer 06:00
4 Plays Today
% Correct
a
99.2%
a
99.2%
a
99.2%
a
99.2%
A
99.2%
I
98.9%
You
98.9%
you.
98.9%
you
98.9%
You
98.9%
the
98%
the
98%
the
98%
the
98%
the
98%
the
98%
of
96.6%
of
96.6%
he
94.7%
he
94.7%
Go
94.1%
in
94.1%
in
94.1%
in
94.1%
to
94%
to
94%
to
94%
to
94%
we
94%
be
93.5%
gonna
93.4%
gonna
93.4%
What
93.1%
what
93.1%
life
92.9%
is (a)
92.9%
is
92.9%
box
92.4%
like
92.3%
Force
91.8%
no
91.7%
no,
91.7%
with
91.4%
% Correct
chocolates.
91.2%
have
91.2%
can't
91%
can't
91%
know
90.5%
May
90.5%
You're
90.3%
you're
90.3%
my
90.3%
my
90.3%
never
90.2%
problem.
90%
it,
89.6%
it
89.6%
It
89.6%
Houston,
89.4%
get.
89%
friend!
85.8%
friend
85.8%
hell,
85.7%
Say
85.5%
truth!
85%
said
85%
will
84.9%
handle
84.7%
Mama
84.3%
If
84%
little
83.7%
come.
83.3%
always
83.3%
'hello'
83.1%
an
82.8%
going
82.6%
going
82.6%
build
82.1%
need
81.5%
boat.
81.3%
bigger
81.3%
Baby
80.7%
corner.
80.2%
make
78.6%
make
78.6%
I'm
78.1%
% Correct
I'm
78.1%
I'm
78.1%
puts
78%
offer
77.6%
Nobody
77.6%
him
77.5%
refuse.
77.4%
was
76.8%
was
76.8%
There's
74.2%
baseball!
73.5%
crying
72.5%
love
67.7%
day.
67.3%
smell
66.5%
morning.
65.9%
ahead,
65.5%
napalm
64.9%
mother.
64.1%
his
60.9%
best
60.3%
not
58.2%
boy's
57.8%
and
57.4%
Beast.
55.2%
killed
53.6%
Beauty
53.5%
here
53.1%
as
52.7%
as
52.7%
failure
52.4%
communicate.
52.3%
take
51.4%
mad
50.5%
anymore.
48.2%
wasn't
47.9%
got
44.5%
this
42.3%
we've
41.2%
airplanes.
37.9%
Oh,
36.5%

You're not logged in!

Compare scores with friends on all Sporcle quizzes.
Sign Up with Email
OR
Log In

You Might Also Like...

Show Comments

Extras

Top Quizzes Today


Score Distribution

Your Account Isn't Verified!

In order to create a playlist on Sporcle, you need to verify the email address you used during registration. Go to your Sporcle Settings to finish the process.